Представление документа в формате MARC21

Поле Инд. ПП Название Значение
Тип записи a
Библиографический уровень b
001 Контрольный номер RU/IS/BASE/283967427
005 Дата корректировки 20200630193239.0
008 Кодируемые данные 20081230
040 b Код языка каталог. rus
e Правила каталог. PSBO
041 0_ a Код языка текста rus
084 a Индекс другой классификации/Индекс ББК 83.3(0)3; 81.451-3
100 1_ a Автор Федотова М. В.
245 10 a Заглавие К вопросу о декстриптивном и оценочном значении лексем [ЗНАТНОСТЬ] и [ХРАБРОСТЬ] в греческом эпосе
b Продолж. заглавия (на материале поэм Гомера и "Аргонавтики" Аполлония Родосского)
504 a Библиография Библиогр. - Примеч.: с. 93
600 14 a Персоналии Гомер
a Персоналии Аполлоний Родосский
650 14 a Основная рубрика история литературы
a Основная рубрика лексикология
a Основная рубрика литературоведение
a Основная рубрика филологические науки
a Основная рубрика частное языкознание
a Основная рубрика языкознание
653 0_ a Ключевые слова "Аргонавтика"
a Ключевые слова "Илиада"
a Ключевые слова "Одиссея"
a Ключевые слова античная литература
a Ключевые слова греческий язык
a Ключевые слова древнегреческий язык
a Ключевые слова древний мир
a Ключевые слова Древняя Греция
a Ключевые слова знатность
a Ключевые слова история языка
a Ключевые слова лексемы
a Ключевые слова лексическая семантика
a Ключевые слова поэзия
a Ключевые слова поэмы
a Ключевые слова храбрость
a Ключевые слова человеческие ценности
a Ключевые слова эпос
a Ключевые слова язык автора
773 08 t Заглавие источника Вестник Московского университета. Серия 9, Филология
d Дата издания источника 2008
g Прочая информация № 3. - С. 87 - 93
w Контрольный № источника RU/IS/BASE/282745557
901 t Тип документа b